=LDR 00000nam 2200000 4500 =001 INLIS000000000033653 =005 20210204102750 =035 ##$$a 0010-061300000033653 =008 210204################g##########0#ind## =041 ##$$a ind =082 ##$$a 333 =090 ##$$a 333, Par,p =100 #$$a Parlindungan,A.P =245 1#$$a Pendaftaran Tanah di Indonesia, A.P Parlindungan /$c Prof. Dr. A.P Parlindungan, SH =260 ##$$a Bandung :$b Mandar Maju,$c 1999 =300 ##$$a xvii,449 hlm ; $c 21x14 cm =650 #4$$a Tanah - Pendaftaran =850 ##$$a NBPNMAT =020 ##$$a 979-538-161-X =084 ##$$a 333 PAR p =990 ##$$a 21006700 =990 ##$$a 21006697 =990 ##$$a 15991599 =990 ##$$a 21006698 =990 ##$$a 21006700 =990 ##$$a 21006697